| 000 | 00886cam a22002652 4500 | ||
|---|---|---|---|
| 001 | 0000003011 | ||
| 005 | 20151217151911.0 | ||
| 008 | 070425s xx 000 0 eng d | ||
| 020 |
_a0256083029 : _cKES 2,900 |
||
| 040 |
_aKABU _cKABU |
||
| 050 | 0 |
_aHG4026 _b.H34 1993 |
|
| 100 | 1 |
_aHarrington, Diana R. _@0000152577 |
|
| 245 | 1 | 0 |
_aCorporate financial analysis / _cDiana R. Harrington. |
| 250 | _a4th ed. | ||
| 260 |
_aHomewood, IL : _bIrwin, _c1993. |
||
| 300 | _axi, 387 p. | ||
| 650 | 0 |
_aCorporations _xFinance. _@0000007704 |
|
| 908 | _a070425 | ||
| 950 | _@1 | ||
| 999 |
_c6170 _d6170 |
||